logo

Bir Sreshtho Munshi Abdur Rouf Library
Jhenaidah Cadet College

পৌরনীতি ও সুশাসন দ্বিতীয় পত্র একাদশ-দ্বাদশ শ্রেণী / (Record no. 11435)

MARC details
000 -LEADER
fixed length control field 00982nam a2200241 a 4500
001 - CONTROL NUMBER
JCCL Control Number 11435
003 - CONTROL NUMBER IDENTIFIER
JCCL marc code BD-JhCC
005 - DATE AND TIME OF LATEST TRANSACTION
control field 20220215134022.0
008 - FIXED-LENGTH DATA ELEMENTS--GENERAL INFORMATION
fixed length control field 190916s20142019bg |||| ||a| 000 0 ben d
035 ## - SYSTEM CONTROL NUMBER
system control number (BD-JhCC)11435
040 ## - CATALOGING SOURCE
Original cataloging agency BD-JhCC
Modifying agency BD-JhCC
041 ## - LANGUAGE CODE
Language code of Book ben
082 ## - DEWEY DECIMAL CLASSIFICATION NUMBER
Classification number 320.473
Author mark and Year HOQ 2019
100 ## - MAIN ENTRY--PERSONAL NAME
Personal name হক, মো: আনোয়ারুল
245 ## - TITLE STATEMENT
Title পৌরনীতি ও সুশাসন দ্বিতীয় পত্র একাদশ-দ্বাদশ শ্রেণী /
Statement of responsibility, etc মো: আনোয়ারুল হক, মো: কামরুজ্জামান, মো: রোকনুজ্জামান ।
260 ## - PUBLICATION, DISTRIBUTION, ETC. (IMPRINT)
Place of publication, distribution, etc ঢাকা :
Name of publisher, distributor, etc পুথিনিলয় প্রকাশনী,
Date of publication, distribution, etc ২০১৯.
300 ## - PHYSICAL DESCRIPTION
Pagination 536 p. :
Dimensions 23 cm.
650 ## - SUBJECT ADDED ENTRY--TOPICAL TERM
Topical term or geographic name as entry element Civics
700 ## - ADDED ENTRY--PERSONAL NAME
Personal name কামরুজ্জামান, মো:
700 ## - ADDED ENTRY--PERSONAL NAME
Personal name রোকনুজ্জামান, মো:
942 ## - ADDED ENTRY ELEMENTS (KOHA)
Source of classification or shelving scheme Dewey Decimal Classification
Koha item type Books
Koha issues (borrowed), all copies 3
Holdings
Source of classification or shelving scheme Damaged status Not for loan Home library Current library Shelving location Date of accession Cost, normal purchase price Total Checkouts Full call number Barcode Date last seen Date checked out Copy number Koha item type
Dewey Decimal Classification     JCC Rouf Library JCC Rouf Library General Stacks 09/16/2019 204.00 2 320.473 HOQ 2019 15658 02/16/2022 02/15/2022 C-1 Books
Dewey Decimal Classification     JCC Rouf Library JCC Rouf Library General Stacks 09/16/2019 204.00 1 320.473 HOQ 2019 15659 02/27/2025 09/18/2019 C-2 Books
Dewey Decimal Classification     JCC Rouf Library JCC Rouf Library General Stacks 09/16/2019 204.00   320.473 HOQ 2019 15660 09/16/2019   C-3 Books

JCC Library | Contacts | JCC Home

Last Update on 23 September 2017
Copyright @ 2017-2020 JCC Rouf Library
Rouf Library, Jhenidah Cadet College (JCC), Bangladesh